Educación y libertad
Saved in:
| Main Author: | |
|---|---|
| Format: | Book |
| Language: | Spanish |
| Published: |
Quito
Universitaria
1962
|
| Subjects: | |
| Tags: |
Add Tag
No Tags, Be the first to tag this record!
|
MARC
| LEADER | 00000nam a2200000 a 4500 | ||
|---|---|---|---|
| 001 | UCY8045 | ||
| 003 | CL-VaPUC | ||
| 008 | 950623e19620000EC |||||||||||||||||spa|d | ||
| 082 | 0 | 4 | |a 370.112 |b PER |2 21 |
| 100 | 0 | |a Pérez Guerrero, Alfredo |e author |9 339134 | |
| 245 | 1 | 0 | |a Educación y libertad |
| 300 | |a 308 p | ||
| 942 | |c BK | ||
| 945 | |d 19950623 00:00:00 |a cmena | ||
| 260 | |a Quito |b Universitaria |c 1962 | ||
| 650 | 0 | |a Estado y educación |9 311264 | |
| 650 | 0 | |a Libre albedrío |9 334583 | |
| 650 | 0 | |a Universidades |9 256317 | |
| 650 | 0 | |a Agitación estudiantil |9 338190 | |
| 650 | 0 | |a Libertad de enseñanza |9 311567 | |
| 650 | 7 | |a REVOLUCION |2 CL-VaPUC |9 338298 | |
| 583 | |a last modification |c 19950623 00:00:00 |k Rodrigo Vera | ||
| 999 | |c 235330 |d 235328 | ||
| 952 | |0 0 |1 0 |4 0 |6 370_112000000000000_PER_1962 |7 0 |8 P |9 242676 |a BIBEDU |b BIBEDU |c BIBEDU_PB |d 2019-11-18 |i 1521470 |o 370.112 PER 1962 |p 1521470 |r 2024-01-25 |w 2019-11-18 |y BK |k EDU | ||